00938cam a22002531a 450000100060000000300080000600500170001400800410003103500190007204000440009104100080013508200260014310000600016924500690022926000440029830000290034250400270037165000280039865000310042670000450045794200120050299900170051495201530053174433BD-RjUL20211209082542.0730208s1960 nyua b 000 0 eng  a(BD-RjUL)74651 aDLCcDLCdMBUdUKMdOCLCQdBD-RjULbeng aeng a599.935223bFUB 19601 aFuller, John L.q(John Langworthy),d1910-1992.922283110aBehavior geneticsc[by] John L. Fuller [and] W. Robert Thompson. aNew York :b John Wiley & sons ,cc1960 a396 p. :bill. ;c24 cm. aIncludes bibliography. 0aHuman genetics.9222833 0vBehavior genetics.92272701 aThompson, William Robert,d1924-9227271 cBK2ddc c74433d74433 00102ddc40718NFICaRUCLbRUCLcReadingd1963-12-09eParamont book Stoll , g44.75l0o599.935 FUB 1960r2018-09-23 00:00:00tC-1w2021-12-09yBK